Szczegóły MARC21

Tourism. Vol. 4, Understanding the impacts of tourism /

003 -Nazwa inst., której nr kontr. jest w polu 001 [,]
    • @
    • Nazwa instytucji, której n kontrolny jest w polu 001
    • NUKAT
005 -DATA I CZAS OSTATNIEJ MODYFIKACJI [,]
    • @
    • pole kontrolne
    • 20241231105927.0
020 -Międzynarod. znormalizowany nr książki - ISBN [ , ]
    • a
    • Numer ISBN
    • 9781848605688 Find
    • q
    • Dopowiedzenie
    • set of six volumes
040 -Instytucja sporządzająca opis [ , ]
    • a
    • Instytucja, która sporządziła opis (NP)
    • Ł U/GS
    • c
    • Instytucja, która sporządziła rekord (NP)
    • Ł U/GS
    • d
    • Instytucja, która zmodyfikowała rekord (P)
    • Ł U/GS
    • d
    • Instytucja, która zmodyfikowała rekord (P)
    • Ł U/MRs
    • d
    • Instytucja, która zmodyfikowała rekord (P)
    • SZCZ U/JS
942 -Rodzaj dokumentu [ , ]
    • c
    • Rodzaj dokumentu
    • Książka
245 -Strefa tytułu i oznaczenia odpowiedzialności [0,0]
    • a
    • Tytuł
    • Tourism. Find
    • n
    • Oznaczenie części (P)
    • Vol. 4,
    • p
    • Nazwa części (P)
    • Understanding the impacts of tourism /
    • c
    • Pozostałe elementy strefy tytułu i oznaczenia odpowiedzialności (NP)
    • ed. by Stephen Page and Joanne Connell.
246 -Wariant tytułu [3, ]
    • a
    • Tytuł (NP)
    • Understanding the impacts of tourism
260 -Strefa adresu wydawniczego [ , ]
    • a
    • Miejsce wydania (P)
    • London [etc.] :
    • b
    • Nazwa wydawcy (P)
    • Sage Publications,
    • c
    • Data wydania (P)
    • 2010.
300 -Strefa opisu fizycznego [ , ]
    • a
    • Określenie formy książki i/lub objętość (NP)
    • VI, 378 s. :
    • b
    • Oznaczenie ilustracji (NP)
    • il. ;
    • c
    • Format (NP)
    • 24 cm.
336 -Typ zawartości [ , ]
    • a
    • Termin opisujący typ zawartości
    • Tekst
    • b
    • Kod określający zawartość
    • txt
    • 2
    • Źródło (terminu i kodu)
    • rdacontent
337 -Typ mediów [ , ]
    • a
    • Tryb odtwarzania
    • Bez urządzenia pośredniczącego
    • b
    • Kod typu mediów
    • n
    • 2
    • Źródło (terminu i kodu)
    • rdamedia
338 -Typ/rodzaj nośnika [ , ]
    • a
    • Hasło opisujące typ nośnika
    • Wolumin
    • b
    • Kod typu nośnika
    • nc
    • 2
    • Źródło (terminu i kodu)
    • rdacarrier
490 -Strefa serii i książki wielotomowej - forma nie do wyszukiwania [1, ]
    • a
    • Tytuł (P)
    • Sage Library of Tourism, Hospitality and Leisure Find
830 -Hasło dodatkowe serii i opisu książki wielotomowej - tytuł ujednolicony/tytuł [ ,0]
    • a
    • Tytuł ujednolicony/tytuł (NP)
    • SAGE Library of Tourism, Hospitality and Leisure
    • 9
    • KHW
    • 74488
504 -Uwaga dot. bibliogr. załącznikowej [ , ]
    • a
    • Uwaga dot. bibliografii załącznikowej
    • Bibliogr. przy rozdziałach.
080 -Uniwersalna Klasyfikacja Dziesiętna [ , ]
    • 2
    • Identyfikator wydania tablic
    • UDC-P058
    • 9
    • UKD
    • 3264
    • a
    • Symbol klasyfikacji
    • 338.48
    • b
    • Dopowiedzenie
    • Turystyka. Turyzm.
    • 4
    • UKD2
    • 7644
    • x
    • Poddział wspólny
    • =111
    • c
    • Dopowiedzenie poddz. wspólnego
    • =Język angielski.
650 -Hasło przedmiotowe [ ,7]
    • a
    • Hasło przedmiotowe
    • Turystyka.
    • 2
    • Źródło terminu
    • kaba
    • 9
    • KHW
    • 134055
650 -Hasło przedmiotowe [ ,7]
    • a
    • Hasło przedmiotowe
    • Turystyka
    • x
    • Określnik rzeczowy
    • aspekt ekonomiczny.
    • 2
    • Źródło terminu
    • kaba
    • 9
    • KHW
    • 134047
650 -Hasło przedmiotowe [ ,7]
    • a
    • Hasło przedmiotowe
    • Turystyka
    • x
    • Określnik rzeczowy
    • aspekt społeczny.
    • 2
    • Źródło terminu
    • kaba
    • 9
    • KHW
    • 134049
650 -Hasło przedmiotowe [ ,7]
    • a
    • Hasło przedmiotowe
    • Turystyka
    • x
    • Określnik rzeczowy
    • aspekt środowiskowy.
    • 2
    • Źródło terminu
    • kaba
    • 9
    • KHW
    • 134050
980 -Symbol UKD [ , ]
    • a
    • UKD
    • 338.48=111
700 -Hasło dodatkowe - nazwa osobowa [1, ]
    • a
    • Nazwa osobowa (NP)
    • Page, Stephen J. Find
    • d
    • Daty biograficzne (NP)
    • (1963- ).
    • e
    • Określenie rodzaju współpracy
    • Red.
    • 9
    • KHW
    • 74486
700 -Hasło dodatkowe - nazwa osobowa [1, ]
    • a
    • Nazwa osobowa (NP)
    • Connell, Joanne. Find
    • e
    • Określenie rodzaju współpracy
    • Red.
    • 9
    • KHW
    • 74487
710 -Hasło dodatkowe - nazwa ciała zbiorowego [2, ]
    • a
    • Nazwa ciała zbiorowego lub nazwa geograficzna jako pierwszy element (NP)
    • SAGE Publishing.
    • 4
    • Kod relacji
    • pbl
    • 9
    • KHW
    • 55261
920 -ISBN [ , ]
    • a
    • ISBN
    • 978-1-84860-568-8 Find
    • q
    • Dopowiedzenie
    • set of six volumes
Lokalizacja Data inwentaryzacji Numer inwentarzowy Sygnatura Status udost.
T2014-04-15T.16210T.16210-2